Представление документа в формате MARC21

Поле Инд. ПП Название Значение
Тип записи a
Библиографический уровень m
001 Контрольный номер e036d694e0ce43e3b55aa98343b464fe
005 Дата корректировки 20260407094838.1
084 a Индекс другой классификации/Индекс ББК 88
097 b Оператор Кондратьева
245 10 a Заглавие Вестник Московского университета. Серия 14. Психология
n Номер части/ раздела 4
260 c Дата издания 2025
900 a Имя макрообъекта 0000003905901
901 t Тип документа s